MARC

LEADER 00000nam0a2200000 4500
001 123012
005 20231031130336.0
010 |a 5020290718 
020 |a RU  |b 88-54553 
035 |a (RuTPU)RU\TPU\book\133170 
090 |a 123012 
100 |a 20071010d1988 k y0rusy5003 ca 
101 0 |a rus 
102 |a RU 
105 |a a z 001zy 
200 1 |a Методика и техника геокриологических исследований  |e сборник научных трудов  |f Академия наук СССР (АН СССР), Сибирское отделение (СО), Институт проблем освоения Севера ; под ред. В. П. Мельникова ; И. А. Некрасова 
210 |a Новосибирск  |c Наука  |d 1988 
215 |a 162 с.  |c ил. 
320 |a Библиография в конце статей 
610 1 |a геокриологические исследования 
610 1 |a методика 
610 1 |a техника 
610 1 |a программные средства 
610 1 |a результаты 
610 1 |a теплообмен 
610 1 |a моделирование 
610 1 |a криогенные среды 
610 1 |a сборники 
610 1 |a обработка 
675 |a 551.345  |v 3 
702 1 |a Мельников  |b В. П.  |g Владимир Павлович  |4 340 
702 1 |a Некрасов  |b И. А.  |4 340 
712 0 2 |a Академия наук СССР (АН СССР)  |b Сибирское отделение (СО)  |b Институт проблем освоения Севера  |c (Новосибирск)  |2 stltpush  |3 (RuTPU)RU\TPU\col\10224 
801 0 |a RU  |b RuMRKP  |c 19960705  |g psbo 
801 1 |a RU  |b 63413507  |c 20071010  |g PSBO 
801 2 |a RU  |b 63413507  |c 20180821  |g PSBO 
900 |a Мерзлотоведение 
900 |a Инженерная геология и геокриология 
942 |c BK